00341nam a2200109Ia 4500008004000000082001700040100003600057245005400093260005100147300001400198650001900212210210b1984 xxu||||| |||| 00| 0 eng d a954.035 RAYC aRAY (Nisith Ranjan) and others. aChallenge a saga of India's struggle for freedom. aNew Delhi.bPeople''s Publishing House.,c1984 axviii,622 aModern India